| 000 | 00726cam a2200241 4500 | ||
|---|---|---|---|
| 001 | B1438 | ||
| 008 | 1935 | ||
| 035 | _a(Sirsi) u96969 | ||
| 041 | _aeng | ||
| 050 | _a622.1 | ||
| 090 | _aRICS 1935 | ||
| 110 |
_aChartered Surveyors' Institution _92274 |
||
| 245 | _aStandards of accuracy and limit of error for plans and surveys of mines : joint report | ||
| 260 |
_aLondon _bChartered Surveyors` Institution _c1935 |
||
| 300 | _a30p.,4 leaves of plates : ill.,maps ; 33cm. | ||
| 350 | _a0 | ||
| 650 | _aMINING SURVEYING | ||
| 651 | 4 |
_aUnited Kingdom _y |
|
| 690 |
_aMinerals and waste _96257 |
||
| 710 |
_aInstitute of Mine Surveyors _91391 |
||
| 942 | _n0 | ||
| 948 | _c04/03/1997 | ||
| 999 |
_c98748 _d98748 |
||